| 000 | 01526nam0a22003251 4500 | ||
|---|---|---|---|
| 001 | GAK\3366654 | ||
| 005 | 20260407075500.0 | ||
| 021 |
_aRU _bП 4061-84 _9РНБ |
||
| 035 | _a(NLR Aleph) 010972855 | ||
| 090 |
_a10832122 _c10832122 |
||
| 100 | _a20160205d1984 |||y0rusy50 ca | ||
| 101 | 0 | _arus | |
| 102 | _aRU | ||
| 105 | _aa z 1|||| | ||
| 200 | 1 |
_aПроблемы фармакокинетики _e[сборник статей _fнауч. ред. канд. хим. наук А.В. Михалев] |
|
| 210 |
_aМосква _cВИНИТИ _d1984 |
||
| 215 |
_a228 с. _cил. _d21 |
||
| 225 | 1 |
_aИтоги науки и техники _iсерия "Фармакология. Химиотерапевтические средства" _fГос. ком. СССР по науке итехнике, АН СССР, ВИНИТИ _x0137-026X _vт. 14 |
|
| 300 | _aНа обложке только заглавие серии | ||
| 320 | _aБилиогр. в конце статей | ||
| 606 | 1 |
_aФармакокинетика _jСборники _9946500 _3RU\NLR\AUTH\6632526 |
|
| 686 | 0 |
_aР281.2я43 _2rubbk |
|
| 702 | 1 |
_aМихалев _bА. В. _gАлексей Владимирович _4340 |
|
| 712 | 0 | 2 |
_4650 _aВсесоюзный институт научной и технической информации _3RU\NLR\AUTH\884239 _9279891 |
| 801 | 0 |
_aRU _bNLR _c20160205 _gpsbo |
|
| 801 | 1 |
_aRU _bNLR _c20160205 _2rusmarc |
|
| 801 | 2 |
_aRU _bNLR _c20160205 _2rusmarc |
|
| 852 |
_aNLR _jП16/1313 (т. 14) |
||
| 942 | _cBOOK | ||
| 980 | _aNB | ||